| 000 | 00890nam a22002297a 4500 | ||
|---|---|---|---|
| 999 |
_c7001 _d7001 |
||
| 003 | AR-CdUCM | ||
| 008 | 190319b ||||| |||| 00| 0 spa d | ||
| 040 |
_aMUNICIPALIDAD PROVINCIAL DEL CUSCO _cBIBLIOTECA MUNICIPAL DEL CUSCO |
||
| 041 | _hfre | ||
| 082 |
_a664.1 / _bH88 |
||
| 100 |
_aHugot, Emile _919729 |
||
| 245 | _aManual para ingenieros azucareros / | ||
| 260 |
_aMéxico D. F. : _bContinental, _c1963. |
||
| 300 |
_a803 páginas ; _bilustraciones, figuras, tablas, _c26 cm. |
||
| 505 | _aContenido: Recepción, descarga y alimentación de las cañas -- El conductor de caña -- Cuchillas cañeras -- Separadores magnéticos -- Desmenuzadora ... | ||
| 650 |
_aPreparación de caña _919730 |
||
| 650 |
_aMáquinas de vapor _919731 |
||
| 650 |
_aAlmacenamiento del azúcar _919732 |
||
| 700 |
_aRuiz Coutiño, Carlos (traducción) _919733 |
||
| 942 |
_2ddc _cLIBROS |
||
| 945 | _aachl | ||